Forever, Michael Tracklist (Michael Jackson) - Statistics

General Stats
  • This quiz has been taken 8 times
  • The average score is 8 of 10
Answer Stats
Hint Answer % Correct
9 Dear Michael
100%
3 One Day In Your Life
100%
8 Dapper Dan
83%
10 I'll Come Home To You
83%
2 Take Me Back
83%
1 We're Almost There
83%
5 We've Got Forever
83%
7 You Are There
83%
4 Cinderella Stay Awhile
67%
6 Just A Little Bit Of You
67%
No matching quizzes found
Score Distribution
Percent of People with Each Score
Percentile by Number Answered
Your Score History
You have not taken this quiz